Australian cities multiple choice: Wollongong - Statistics

General Stats
  • This quiz has been taken 38 times
  • The average score is 8 of 15
Answer Stats
Question Answer % Correct
What is Fairy Meadow? A suburb
92%
Wollongong is in which state? New South Wales
92%
Which media business has its headquarters in Wollongong? WIN Television
85%
What is the local newspaper? Illawarra Mercury
77%
Where do you control the action? Jamberoo Park
77%
Which people are Indigenous to the Wollongong area? Dharawal
69%
The disused rail tunnel in Helensburgh is known for... ghosts and glow worms
69%
How many marine geysers are there at Kiama? Two
69%
What is the name of the performance group that is based at the performing arts centre and also the town hall? Merrigong Theatre Company
54%
What is the name of the street art festival that has been held in Wollongong since 2012? Wonderwalls
46%
The Farrelly Brothers have been everywhere: ___, ___, ___, and Wollongong. Dapto
38%
Which heritage-listed building was featured on the television program 'Restoration Australia'? Keera Vale
23%
Which of these was not a product of the Aunty Jack comedy troupe? The Wollongong Song
15%
What can be found at Austimer, Bellambi, Bulli, Coalcliff, Coledale, North Wollongong, Towradgi, Wombarra and Woonona? Ocean swimming pools
8%
Where's the Dew Drop Inn? Nan Tien Temple
0%
No matching quizzes found
Score Distribution
Percent of People with Each Score
Percentile by Number Answered
Your Score History
You have not taken this quiz